| 000 | 00743nam a22001817a 4500 | ||
|---|---|---|---|
| 999 |
_c15169 _d15169 |
||
| 003 | OSt | ||
| 082 | _2631.587 PRE/EF | ||
| 088 | _aT 291 | ||
| 100 |
_aPREENU N. P _93829 |
||
| 245 | _aEffect of microclimate on the performance of salad cucumber under naturally ventilated polyhouse | ||
| 260 |
_aTavanur 2014 _bDEPARTMENT OF IRRIGATION AND DRAINAGE ENGINEERING |
||
| 300 | _a93 | ||
| 500 | _aEffect of microclimate on the performance of salad cucumber under naturally ventilated polyhouse | ||
| 520 | _aEffect of microclimate on the performance of salad cucumber under naturally ventilated polyhouse | ||
| 700 |
_aDr. K. V Levan (Guide) _93464 |
||
| 856 | _uhttps://drive.google.com/open?id=1FLXddX3xAO5vjIDFtJGPGVZY_HuDDTS4 | ||
| 942 | _cTH | ||